[Event "Dieppe"]
[Site "Dieppe"]
[Date "2009.08.25"]
[Round "4"]
[White "Song, Julien"]
[Black "Bersoult, Francois"]
[Result "1-0"]
[WhiteElo "2319"]
[BlackElo "2217"]
[PlyCount "69"]
[EventDate "2009.08.23"]
[EventType "tourn"]
[EventRounds "9"]
[EventCountry "FRA"]
[EventCategory "4"]
[SourceTitle "CBM 131 Extra"]
[Source "ChessBase"]
[SourceDate "2009.09.03"]
[SourceVersion "2"]
[SourceVersionDate "2009.09.16"]
[SourceQuality "1"]

1. d4 d5 2. Nf3 Nf6 3. c4 c6 4. e3 e6 5. b3 Nbd7 6. Bd3 Bd6 7. Bb2 0-0 8. Nbd2 Qe7 9. Ne5 Ba3 10. Bxa3 Qxa3 11. Qc2 h6 12. 0-0 Nxe5 13. dxe5 Nd7 14. f4 Qc5 15. Rfe1 b6 16. a3 Bb7 17. b4 Qe7 18. cxd5 exd5 19. Nf3 c5 20. bxc5 bxc5 21. Bb5 Rfc8 22. Qf5 Nf8 23. Qg4 d4 24. e4 c4 25. Nh4 Ng6 26. Nxg6 fxg6 27. Qxg6 d3 28. Kh1 d2 29. Rf1 c3 30. f5 Bxe4 31. Qg4 Qg5 32. Qxe4 c2 33. Bc4+ Kh8 34. Qxc2 Qe3 35. Rad1 1-0

[Event "Dieppe"]
[Site "Dieppe"]
[Date "2009.08.24"]
[Round "2"]
[White "Bersoult, Francois"]
[Black "Zhou, Yang Fan"]
[Result "0-1"]
[WhiteElo "2217"]
[BlackElo "2265"]
[PlyCount "58"]
[EventDate "2009.08.23"]
[EventType "tourn"]
[EventRounds "9"]
[EventCountry "FRA"]
[EventCategory "4"]
[SourceTitle "CBM 131 Extra"]
[Source "ChessBase"]
[SourceDate "2009.09.03"]
[SourceVersion "2"]
[SourceVersionDate "2009.09.16"]
[SourceQuality "1"]

1. c4 Nf6 2. Nc3 g6 3. Nf3 Bg7 4. g3 0-0 5. Bg2 d6 6. 0-0 e5 7. d3 c6 8. e4 a6 9. Re1 Nbd7 10. Rb1 b5 11. b3 Bb7 12. d4 Qc7 13. Bb2 b4 14. Na4 exd4 15. Nxd4 Rfe8 16. f3 Rad8 17. Qc2 Qa5 18. Rbd1 Nc5 19. Nxc5 Qxc5 20. Qf2 Qh5 21. g4 Qa5 22. Qc2 h5 23. h3 hxg4 24. hxg4 Nh7 25. Ba1 Qg5 26. Bb2 Be5 27. Qf2 Qh6 28. Kf1 Qh2 29. Re2 c5 0-1

[Event "FRA-chT2 North 0607"]
[Site "France"]
[Date "2007.03.31"]
[Round "10.1"]
[White "Laurent, Bruno"]
[Black "Bersoult, Francois"]
[Result "1-0"]
[WhiteElo "2397"]
[BlackElo "2212"]
[PlyCount "72"]
[EventDate "2006.10.15"]
[EventType "team"]
[EventRounds "11"]
[EventCountry "FRA"]
[SourceTitle "EXT 2008"]
[Source "ChessBase"]
[SourceDate "2007.11.25"]
[SourceVersion "1"]
[SourceVersionDate "2007.11.25"]
[SourceQuality "1"]
[WhiteTeam "Arras"]
[BlackTeam "Maromme"]
[WhiteTeamCountry "FRA"]
[BlackTeamCountry "FRA"]

1. e4 c5 2. Nf3 e6 3. c3 Nf6 4. e5 Nd5 5. d4 cxd4 6. Bc4 d6 7. cxd4 Nb6 8. Bb3 Nc6 9. Qe2 Be7 10. 0-0 0-0 11. Nc3 d5 12. Bc2 Bd7 13. Qd3 g6 14. Qe2 Nb4 15. Bb1 Rc8 16. Bh6 Re8 17. a3 Nc6 18. Nb5 Ra8 19. h4 Nc8 20. h5 a6 21. Nc3 Bf8 22. Qe3 Bg7 23. Qf4 Qe7 24. Nd1 Bxh6 25. Qxh6 Qf8 26. Qf4 Na5 27. Ne3 Bb5 28. Re1 Nb6 29. Ng4 Nd7 30. Ng5 Nb3 31. Ra2 Re7 32. Re3 Nd2 33. Bc2 Rc8 34. b3 Ne4 35. Bxe4 dxe4 36. Nxe4 Rc1+ 1-0

[Event "Saint Affrique op 14th"]
[Site "Saint Affrique"]
[Date "2006.??.??"]
[Round "3"]
[White "Kosten, Anthony C"]
[Black "Bersoult, Francois"]
[Result "1/2-1/2"]
[WhiteElo "2530"]
[BlackElo "2236"]
[PlyCount "64"]
[EventDate "2006.07.21"]
[EventType "swiss"]
[EventRounds "9"]
[EventCountry "FRA"]
[SourceTitle "CBM 113 Extra"]
[Source "ChessBase"]
[SourceDate "2006.09.14"]
[SourceVersion "1"]
[SourceVersionDate "2006.09.14"]
[SourceQuality "1"]

1. c4 c6 2. Nf3 d5 3. g3 Nf6 4. Bg2 dxc4 5. 0-0 Nbd7 6. Na3 Nb6 7. Qc2 Be6 8. Ng5 Bg4 9. Nxc4 Bxe2 10. Nxb6 Qxb6 11. Re1 Bh5 12. b4 e6 13. a4 Bxb4 14. a5 Qc5 15. Qa4 0-0 16. Ne4 Qe7 17. Rb1 c5 18. Nxf6+ Qxf6 19. a6 Bf3 20. axb7 Rab8 21. Bb2 Qf5 22. Qa1 Bxg2 23. Kxg2 Qd5+ 24. Kg1 f6 25. Qxa7 Rxb7 26. Qa6 e5 27. Bc3 Rfb8 28. Rbd1 Rd7 29. Qe2 Rbd8 30. Rb1 Bxc3 31. dxc3 Qd3 32. Qa2+ Qd5 1/2-1/2

[Event "FRA-chT2 0405"]
[Site "France"]
[Date "2005.02.06"]
[Round "7.4"]
[White "Bersoult, Francois"]
[Black "Bertrand, Xavier"]
[Result "1-0"]
[WhiteElo "2259"]
[BlackElo "2152"]
[PlyCount "113"]
[EventDate "2004.10.10"]
[EventType "team"]
[EventRounds "11"]
[EventCountry "FRA"]
[SourceTitle "EXT 2006"]
[Source "ChessBase"]
[SourceDate "2005.11.24"]
[SourceVersion "1"]
[SourceVersionDate "2005.11.24"]
[SourceQuality "1"]
[WhiteTeam "Maromme"]
[BlackTeam "Neuville en Ferrain"]
[WhiteTeamCountry "FRA"]
[BlackTeamCountry "FRA"]

1. Nf3 d5 2. g3 c6 3. Bg2 Nf6 4. 0-0 Bg4 5. d3 e6 6. Nbd2 Nbd7 7. h3 Bh5 8. Qe1 Be7 9. e4 dxe4 10. dxe4 e5 11. Nh4 0-0 12. Nc4 b5 13. Ne3 Qc7 14. Nhf5 Bc5 15. Bd2 Bg6 16. Bb4 a5 17. Bxc5 Nxc5 18. f3 Rfd8 19. Rf2 Ne6 20. Nh4 Qb6 21. Kh2 Nd7 22. Rd1 Ndc5 23. Rfd2 f6 24. Nxg6 hxg6 25. Nf1 Rxd2 26. Rxd2 Rd8 27. Qe3 Rxd2 28. Nxd2 Qd8 29. Bf1 Qd4 30. Qxd4 Nxd4 31. c3 Nde6 32. Kg2 Kf7 33. Kf2 Na4 34. Nb3 Nxb2 35. Nxa5 Nd1+ 36. Ke1 Nxc3 37. Nxc6 Nc7 38. Kd2 Na4 39. Na7 b4 40. Nc6 Nb6 41. Nxb4 Ne6 42. Nc2 Ke7 43. Kc3 Ng5 44. Bg2 Kd6 45. Kb4 Kc7 46. a4 Nd7 47. h4 Nf7 48. Ne3 Nd8 49. Nd5+ Kb7 50. Ne7 Nf8 51. Kc5 Kc7 52. Nd5+ Kd7 53. Bh3+ Nfe6+ 54. Kb6 Kd6 55. Bxe6 Nxe6 56. a5 Nc5 57. a6 1-0

[Event "FRA-ch Accession"]
[Site "Aix les Bains"]
[Date "2003.08.29"]
[Round "6"]
[White "Bersoult, Francois"]
[Black "Marcelin, Cyril"]
[Result "0-1"]
[WhiteElo "2299"]
[BlackElo "2508"]
[PlyCount "44"]
[EventDate "2003.08.19"]
[EventType "swiss"]
[EventRounds "11"]
[EventCountry "FRA"]
[SourceTitle "EXT 2004"]
[Source "ChessBase"]
[SourceDate "2003.11.25"]
[SourceVersion "1"]
[SourceVersionDate "2003.11.25"]
[SourceQuality "1"]

1. d4 Nf6 2. c4 e6 3. Nf3 d5 4. Nc3 c6 5. e3 a6 6. Bd3 dxc4 7. Bxc4 b5 8. Bd3 Bb7 9. e4 c5 10. e5 cxd4 11. Nxb5 axb5 12. exf6 Qd5 13. Qe2 Bb4+ 14. Bd2 Bxd2+ 15. Nxd2 Qxg2 16. Bxb5+ Nd7 17. 0-0-0 gxf6 18. Rhg1 Qd5 19. Nc4 Ke7 20. Bxd7 Rxa2 21. Nb6 Ra1+ 22. Kc2 Qc5+ 0-1

[Event "FRA-ch Accession"]
[Site "Aix les Bains"]
[Date "2003.08.29"]
[Round "4"]
[White "Bersoult, Francois"]
[Black "Suez Panama, Gilles"]
[Result "1-0"]
[WhiteElo "2299"]
[BlackElo "2069"]
[PlyCount "35"]
[EventDate "2003.08.19"]
[EventType "swiss"]
[EventRounds "11"]
[EventCountry "FRA"]
[SourceTitle "EXT 2004"]
[Source "ChessBase"]
[SourceDate "2003.11.25"]
[SourceVersion "1"]
[SourceVersionDate "2003.11.25"]
[SourceQuality "1"]

1. c4 Nf6 2. Nf3 g6 3. Nc3 d5 4. Qa4+ c6 5. cxd5 Nxd5 6. Nxd5 Qxd5 7. e4 Qd6 8. d4 Bg7 9. Be3 b5 10. Qc2 Bg4 11. e5 Qd7 12. Bd3 Na6 13. a3 Nc7 14. Rc1 Bxf3 15. gxf3 0-0 16. Qxc6 Qh3 17. Qxc7 Qxf3 18. Qc6 1-0

[Event "FRA-ch Accession"]
[Site "Aix les Bains"]
[Date "2003.08.27"]
[Round "11"]
[White "Reinhart, Emmanuel"]
[Black "Bersoult, Francois"]
[Result "1/2-1/2"]
[WhiteElo "2148"]
[BlackElo "2299"]
[PlyCount "28"]
[EventDate "2003.08.19"]
[EventType "swiss"]
[EventRounds "11"]
[EventCountry "FRA"]
[SourceTitle "EXT 2004"]
[Source "ChessBase"]
[SourceDate "2003.11.25"]
[SourceVersion "1"]
[SourceVersionDate "2003.11.25"]
[SourceQuality "1"]

1. e4 c5 2. Nf3 e6 3. Qe2 Nc6 4. g3 Be7 5. Bg2 Nf6 6. 0-0 0-0 7. c3 d5 8. d3 b5 9. Rd1 Qb6 10. h4 dxe4 11. dxe4 Bb7 12. Na3 a6 13. Bf4 Rfd8 14. Nc2 Rxd1+ 1/2-1/2

[Event "FRA-ch Accession"]
[Site "Aix les Bains"]
[Date "2003.08.21"]
[Round "3"]
[White "Marzolo, Cyril"]
[Black "Bersoult, Francois"]
[Result "1-0"]
[WhiteElo "2479"]
[BlackElo "2299"]
[PlyCount "119"]
[EventDate "2003.08.19"]
[EventType "swiss"]
[EventRounds "11"]
[EventCountry "FRA"]
[SourceTitle "EXT 2004"]
[Source "ChessBase"]
[SourceDate "2003.11.25"]
[SourceVersion "1"]
[SourceVersionDate "2003.11.25"]
[SourceQuality "1"]

1. e4 c5 2. Nf3 e6 3. b3 d6 4. Bb2 Nf6 5. e5 dxe5 6. Nxe5 Nbd7 7. Bb5 Be7 8. Qe2 0-0 9. Nc3 Nxe5 10. Qxe5 Qd6 11. Qe2 Bd7 12. 0-0-0 Rfd8 13. h4 Bxb5 14. Qxb5 b6 15. Rh3 Rac8 16. Qe2 Qc6 17. d3 b5 18. Rg3 g6 19. h5 c4 20. hxg6 hxg6 21. dxc4 Rxd1+ 22. Qxd1 bxc4 23. Kb1 cxb3 24. axb3 Bf8 25. Rf3 Bg7 26. Na4 Qd5 27. Rd3 Qf5 28. Rd8+ Rxd8 29. Qxd8+ Kh7 30. f3 Nd5 31. Qh4+ Qh5 32. Qe1 Bxb2 33. Kxb2 Qg5 34. Qf2 Qe5+ 35. Kb1 Ne3 36. Qd2 Nd5 37. c4 Nf4 38. Ka2 Kg7 39. Nc3 g5 40. Nd1 Kg6 41. Ne3 f5 42. b4 Kf6 43. Kb3 Ke7 44. c5 a5 45. g3 axb4 46. gxf4 gxf4 47. Nc4 Qxc5 48. Qxf4 Kf6 49. Qh6+ Ke7 50. Qg7+ Kd8 51. Qe5 Qc6 52. Qb8+ Ke7 53. f4 Qf3+ 54. Kxb4 Qe4 55. Qd6+ Kf7 56. Kc5 Kg6 57. Qe5 Qc2 58. Qxe6+ Kh5 59. Kd4 Qd1+ 60. Ke5 1-0

[Event "FRA-chT2S 0203"]
[Site "France"]
[Date "2002.12.08"]
[Round "4.1"]
[White "Bersoult, Francois"]
[Black "Wallart, Adrien"]
[Result "1/2-1/2"]
[WhiteElo "2287"]
[BlackElo "2245"]
[PlyCount "80"]
[EventDate "2002.10.??"]
[EventType "team"]
[EventRounds "11"]
[EventCountry "FRA"]
[SourceTitle "EXT 2004"]
[Source "ChessBase"]
[SourceDate "2003.11.25"]
[SourceVersion "1"]
[SourceVersionDate "2003.11.25"]
[SourceQuality "1"]
[WhiteTeam "Maromme"]
[BlackTeam "Le Touquet"]
[WhiteTeamCountry "FRA"]
[BlackTeamCountry "FRA"]

1. d4 d6 2. Nf3 g6 3. c4 f5 4. g3 Nf6 5. Bg2 Bg7 6. 0-0 0-0 7. Nc3 Nc6 8. d5 Na5 9. Qd3 e5 10. dxe6 Bxe6 11. b3 Nc6 12. Ng5 Bd7 13. Bb2 h6 14. Nf3 Be6 15. Rad1 Ne4 16. a3 Nc5 17. Qc2 a5 18. Nd5 Qd7 19. Nd4 Nxd4 20. Bxd4 Bxd4 21. Rxd4 Qg7 22. Rfd1 Rae8 23. b4 axb4 24. axb4 Bxd5 25. Bxd5+ Ne6 26. R4d3 Kh7 27. Bxb7 f4 28. Bg2 Qf6 29. e3 f3 30. Bf1 Rb8 31. c5 dxc5 32. bxc5 h5 33. Qc3 Qxc3 34. Rxc3 Rb2 35. h4 Kh6 36. Bh3 Ng7 37. e4 Re2 38. Rdd3 Rxe4 39. Rxf3 Rxf3 40. Rxf3 Rc4 1/2-1/2

[Event "Dieppe op 3rd"]
[Site "Dieppe"]
[Date "2002.07.31"]
[Round "5"]
[White "Bronznik, Valerij"]
[Black "Bersoult, Francois"]
[Result "1/2-1/2"]
[WhiteElo "2399"]
[BlackElo "2287"]
[PlyCount "35"]
[EventDate "2002.??.??"]
[EventType "swiss"]
[EventRounds "9"]
[EventCountry "FRA"]
[SourceTitle "EXT 2005"]
[Source "ChessBase"]
[SourceDate "2004.11.15"]
[SourceVersion "1"]
[SourceVersionDate "2004.11.15"]
[SourceQuality "1"]

1. d4 Nf6 2. c4 e6 3. Nc3 Bb4 4. e3 0-0 5. Bd3 d5 6. Nge2 c5 7. 0-0 cxd4 8. exd4 Nc6 9. Bg5 dxc4 10. Bxc4 Be7 11. a3 Nd5 12. Bxe7 Ncxe7 13. Qd3 b6 14. Rad1 Bb7 15. Ne4 Nf5 16. Ba2 Qh4 17. N4g3 Nxg3 18. hxg3 1/2-1/2

[Event "Dieppe op 3rd"]
[Site "Dieppe"]
[Date "2002.07.30"]
[Round "4"]
[White "Bersoult, Francois"]
[Black "Pytel, Krzysztof"]
[Result "1/2-1/2"]
[WhiteElo "2287"]
[BlackElo "2429"]
[PlyCount "53"]
[EventDate "2002.??.??"]
[EventType "swiss"]
[EventRounds "9"]
[EventCountry "FRA"]
[SourceTitle "EXT 2005"]
[Source "ChessBase"]
[SourceDate "2004.11.15"]
[SourceVersion "1"]
[SourceVersionDate "2004.11.15"]
[SourceQuality "1"]

1. c4 e5 2. Nc3 Nf6 3. Nf3 Nc6 4. g3 d5 5. cxd5 Nxd5 6. Bg2 Nde7 7. 0-0 g6 8. d3 Bg7 9. Bg5 h6 10. Bd2 0-0 11. Rc1 Nd4 12. Ne1 c6 13. e3 Ne6 14. b4 h5 15. b5 a6 16. bxc6 Nxc6 17. Na4 Bd7 18. Qb3 Rb8 19. Nb6 Be8 20. a4 h4 21. a5 Nc7 22. Nc2 Bf6 23. Nc4 Nb5 24. N2a3 Nc7 25. Nc2 Nb5 26. N2a3 Nc7 27. Nc2 1/2-1/2

[Event "Dieppe op 1st"]
[Site "Dieppe"]
[Date "2000.09.02"]
[Round "6"]
[White "Gorshkova, Irina"]
[Black "Bersoult, Francois"]
[Result "0-1"]
[WhiteElo "2131"]
[BlackElo "2226"]
[PlyCount "116"]
[EventDate "2000.08.??"]
[EventType "swiss"]
[EventRounds "7"]
[EventCountry "FRA"]
[SourceTitle "EXT 2005"]
[Source "ChessBase"]
[SourceDate "2004.11.15"]
[SourceVersion "1"]
[SourceVersionDate "2004.11.15"]
[SourceQuality "1"]

1. e4 c5 2. c3 Nf6 3. e5 Nd5 4. Nf3 Nc6 5. Bc4 Nb6 6. Bb3 c4 7. Bc2 Qc7 8. Qe2 g5 9. e6 dxe6 10. Nxg5 Qe5 11. d4 cxd3 12. Bxd3 Qxe2+ 13. Bxe2 h6 14. Nf3 e5 15. Be3 Nd5 16. Na3 Nxe3 17. fxe3 Bd7 18. Nc4 f6 19. e4 0-0-0 20. 0-0-0 h5 21. Kb1 h4 22. Ne3 e6 23. Nc4 Be8 24. Rxd8+ Kxd8 25. Rd1+ Kc7 26. Rf1 Bg6 27. Bd3 Bg7 28. h3 Ne7 29. Bc2 Bh5 30. Rf2 Ng6 31. Ncd2 Bh6 32. Nf1 Bf4 33. Bb3 Kd6 34. Nxh4 Nxh4 35. g3 Bg5 36. gxh4 Bxh4 37. Rg2 Bg5 38. Nd2 Bg6 39. Rg3 Ke7 40. Bc2 Be8 41. Nb3 b6 42. a3 Bc6 43. c4 Rh4 44. c5 Bxe4 45. cxb6 axb6 46. Bxe4 Rxe4 47. Kc2 Re2+ 48. Kc3 Bh4 49. Rg7+ Kd6 50. Rb7 Be1+ 51. Kc4 Rc2+ 52. Kb5 Bf2 53. h4 e4 54. h5 e3 55. Rxb6+ Kd5 56. h6 e2 57. h7 Rc8 58. Rc6 Rb8+ 0-1

[Event "Dieppe op 1st"]
[Site "Dieppe"]
[Date "2000.??.??"]
[Round "4"]
[White "Legris, Delphine"]
[Black "Bersoult, Francois"]
[Result "0-1"]
[WhiteElo "1700"]
[BlackElo "2226"]
[PlyCount "22"]
[EventDate "2000.08.??"]
[EventType "swiss"]
[EventRounds "7"]
[EventCountry "FRA"]
[SourceTitle "EXT 2005"]
[Source "ChessBase"]
[SourceDate "2004.11.15"]
[SourceVersion "1"]
[SourceVersionDate "2004.11.15"]
[SourceQuality "1"]

1. e4 c5 2. Nf3 Nc6 3. d4 cxd4 4. Nxd4 e6 5. Be2 Nf6 6. Bg5 Qa5+ 7. Bd2 Qe5 8. Nb3 Nxe4 9. 0-0 Qxb2 10. Bc1 Qe5 11. Qe1 Bb4 0-1

[Event "Gonfreville op"]
[Site "Gonfreville"]
[Date "1999.??.??"]
[Round "4"]
[White "Bersoult, Francois"]
[Black "Dubois, Martine"]
[Result "1-0"]
[WhiteElo "2226"]
[BlackElo "2145"]
[PlyCount "79"]
[EventDate "1999.04.??"]
[EventType "swiss"]
[EventRounds "5"]
[EventCountry "FRA"]
[SourceTitle "EXT 2000"]
[Source "ChessBase"]
[SourceDate "1999.11.16"]
[SourceVersion "1"]
[SourceVersionDate "1999.11.16"]
[SourceQuality "1"]

1. d4 d5 2. c4 Bf5 3. Nc3 e6 4. Nf3 Nc6 5. a3 Nf6 6. Bg5 Be7 7. Bxf6 Bxf6 8. cxd5 exd5 9. e3 Be6 10. Bb5 0-0 11. Bxc6 bxc6 12. Qc2 Qd6 13. Na4 Rfe8 14. h3 g6 15. Rc1 Bd7 16. Nc5 Bf5 17. Qc3 Be4 18. Nxe4 dxe4 19. Nd2 Re6 20. Nc4 Qd5 21. Na5 Rb8 22. b4 Rb6 23. 0-0 Be7 24. Rc2 Bd6 25. Rfc1 Qh5 26. Qd2 Rb5 27. Qe2 Qh6 28. Nxc6 Rg5 29. Kf1 Rf6 30. Ne5 Bxe5 31. dxe5 Rxe5 32. Rc5 Ree6 33. Rxc7 Rd6 34. Rxa7 Rd3 35. Kg1 Kg7 36. Qb2 Rxe3 37. Ra6 Ref3 38. Rxf6 Rxf6 39. Rc6 g5 40. b5 1-0

[Event "Paris op-B"]
[Site "Paris"]
[Date "1996.??.??"]
[Round "?"]
[White "Glavina, Pablo"]
[Black "Bersoult, Francois"]
[Result "1-0"]
[WhiteElo "2320"]
[BlackElo "2150"]
[PlyCount "77"]
[EventDate "1996.04.??"]
[EventType "swiss"]
[EventRounds "9"]
[EventCountry "FRA"]
[SourceTitle "EXT 2004"]
[Source "ChessBase"]
[SourceDate "2003.11.25"]
[SourceVersion "1"]
[SourceVersionDate "2003.11.25"]
[SourceQuality "1"]

1. e4 e6 2. Qe2 Nc6 3. Nf3 e5 4. c3 d5 5. d4 dxe4 6. Nxe5 Nf6 7. Nxc6 bxc6 8. Bg5 Bf5 9. Nd2 Be7 10. Bxf6 Bxf6 11. f3 0-0 12. fxe4 Re8 13. Qf3 Bg6 14. 0-0-0 c5 15. dxc5 Qe7 16. Bb5 Red8 17. Qf2 Rab8 18. Bc4 Qe5 19. Bb3 a5 20. Nf3 Qf4+ 21. Kb1 Bxe4+ 22. Ka1 a4 23. Rxd8+ Rxd8 24. Bxa4 Bxf3 25. Bb3 Qe5 26. Qxf3 Qxc5 27. Rd1 Rxd1+ 28. Qxd1 g6 29. a4 c6 30. Qd7 Be7 31. Qe8+ Kg7 32. Qxf7+ Kh6 33. Ka2 Bd6 34. h3 Be5 35. g4 Qe3 36. Qe7 Qf4 37. h4 Bd6 38. Qd7 c5 39. Bg8 1-0

[Event "FRA-chT2 9495"]
[Site "France"]
[Date "1994.??.??"]
[Round "?"]
[White "Herb, Pascal"]
[Black "Bersoult, Francois"]
[Result "1-0"]
[WhiteElo "2380"]
[BlackElo "2200"]
[PlyCount "69"]
[EventDate "1994.??.??"]
[EventType "team"]
[EventRounds "11"]
[EventCountry "FRA"]
[SourceTitle "EXT 2008"]
[Source "ChessBase"]
[SourceDate "2007.11.25"]
[SourceVersion "1"]
[SourceVersionDate "2007.11.25"]
[SourceQuality "1"]

1. d4 Nf6 2. Nf3 e6 3. c4 b6 4. g3 Ba6 5. b3 Bb7 6. Bg2 Bb4+ 7. Bd2 c5 8. 0-0 0-0 9. Bxb4 cxb4 10. a3 Qe7 11. axb4 Qxb4 12. Ra4 Qe7 13. Nc3 d5 14. Ne5 Rd8 15. e3 Nc6 16. Nd3 Na5 17. c5 Ne4 18. Qc2 Bc6 19. Ra2 Nxc3 20. Qxc3 Bb5 21. Rfa1 Qb7 22. Nf4 Nc6 23. e4 Ne7 24. exd5 Nxd5 25. Nxd5 exd5 26. b4 Qc7 27. Rf1 Bd7 28. b5 Bf5 29. c6 Re8 30. Ra6 Bg4 31. Qa3 Re7 32. Rxb6 Qxb6 33. Qxe7 Qxd4 34. Qb7 Rf8 35. Qxa7 1-0

[Event "Maromme op"]
[Site "Maromme"]
[Date "1994.??.??"]
[Round "?"]
[White "Komarov, Dimitri"]
[Black "Bersoult, Francois"]
[Result "1-0"]
[WhiteElo "2535"]
[BlackElo "2175"]
[PlyCount "41"]
[EventDate "1994.??.??"]
[EventType "swiss"]
[EventRounds "7"]
[EventCountry "FRA"]
[SourceTitle "EXT 1998"]
[Source "ChessBase"]
[SourceDate "1997.11.17"]
[SourceVersion "1"]
[SourceVersionDate "1997.11.17"]
[SourceQuality "1"]

1. d4 d5 2. c4 dxc4 3. Nf3 Nf6 4. Nc3 e6 5. Bg5 Bb4 6. a3 Bxc3+ 7. bxc3 c5 8. e3 Qa5 9. Bxf6 Qxc3+ 10. Nd2 gxf6 11. Bxc4 Ke7 12. 0-0 Rd8 13. Rc1 Qxa3 14. Ne4 Nd7 15. Qh5 cxd4 16. exd4 b5 17. Bxe6 fxe6 18. Qxh7+ Ke8 19. Qh8+ Ke7 20. Qg7+ Ke8 21. Rc5 1-0

[Event "Strasbourg op"]
[Site "Strasbourg "]
[Date "1993.??.??"]
[Round "?"]
[White "Bersoult, Francois"]
[Black "Lopez, Jordi"]
[Result "0-1"]
[WhiteElo "2200"]
[BlackElo "2230"]
[PlyCount "82"]
[EventDate "1993.??.??"]
[EventType "swiss"]
[EventRounds "9"]
[EventCountry "FRA"]
[SourceTitle "EXT 2004"]
[Source "ChessBase"]
[SourceDate "2003.11.25"]
[SourceVersion "1"]
[SourceVersionDate "2003.11.25"]
[SourceQuality "1"]

1. d4 Nf6 2. c4 e6 3. Nc3 Bb4 4. Qc2 c5 5. dxc5 0-0 6. Nf3 Bxc5 7. Bg5 Be7 8. e4 d6 9. Be2 a6 10. 0-0 Qc7 11. Rad1 Nbd7 12. Nd4 b6 13. f4 Bb7 14. a4 Rac8 15. b4 Rfe8 16. Qd3 h6 17. Bxf6 Nxf6 18. f5 Bf8 19. fxe6 fxe6 20. Qh3 Qe7 21. Bd3 Nd7 22. Bc2 Ne5 23. Bb3 Kh8 24. Nxe6 Nxc4 25. Nd5 Bxd5 26. Rxd5 Ne5 27. Nf4 Qg5 28. Qe3 Rc6 29. Qd4 Be7 30. b5 axb5 31. Rxb5 Bf6 32. Qd5 Rec8 33. h4 Qg3 34. Bd1 Rc1 35. Rb3 R8c3 36. Rxc3 Qxc3 37. h5 Qg3 38. Ng6+ Nxg6 39. hxg6 Be5 40. Rf7 Qe3+ 41. Kf1 Bg3 0-1

[Event "FRA"]
[Site "France"]
[Date "1993.??.??"]
[Round "?"]
[White "Berthelot, Yannick"]
[Black "Bersoult, Francois"]
[Result "1-0"]
[WhiteElo "2340"]
[BlackElo "2200"]
[PlyCount "103"]
[EventDate "1993.??.??"]
[EventType "team"]
[EventRounds "11"]
[EventCountry "FRA"]
[SourceTitle "TD"]
[Source "ChessBase"]
[SourceDate "1994.03.01"]
[SourceVersion "1"]
[SourceVersionDate "1994.03.01"]
[SourceQuality "1"]

1. e4 c6 2. d4 d5 3. Nc3 dxe4 4. Nxe4 Bf5 5. Ng3 Bg6 6. h4 h6 7. f4 e6 8. Nf3 Nd7 9. h5 Bh7 10. Bd3 Bxd3 11. Qxd3 Qc7 12. Bd2 Ngf6 13. 0-0-0 0-0-0 14. Qe2 Bd6 15. Ne5 Rhf8 16. c4 c5 17. Bc3 Nb6 18. dxc5 Bxc5 19. Ba5 Qe7 20. Ne4 Nxe4 21. Qxe4 Rd6 22. Rxd6 Bxd6 23. Bxb6 axb6 24. Rd1 Rd8 25. Nf3 Bc5 26. Rxd8+ Qxd8 27. Kc2 Qd7 28. b3 f6 29. g4 Qc6 30. Qxc6+ bxc6 31. Kd3 Kd7 32. Ke4 Bf2 33. Nd2 Be1 34. Nf1 Bc3 35. Ne3 Bb2 36. Nd1 Ba3 37. Nf2 Bc1 38. Nd3 Bd2 39. Nb2 Bb4 40. Na4 Kc7 41. Nb2 Kd7 42. Nd3 Be7 43. a4 Kc7 44. Ne1 Bc5 45. Nf3 Kd6 46. Kd3 Bf2 47. f5 Bc5 48. fxe6 Kxe6 49. Ke4 Bf2 50. b4 c5 51. a5 bxa5 52. bxa5 1-0

[Event "FRA"]
[Site "France"]
[Date "1993.??.??"]
[Round "?"]
[White "Luce, Sebastien"]
[Black "Bersoult, Francois"]
[Result "1-0"]
[WhiteElo "2360"]
[BlackElo "2200"]
[PlyCount "91"]
[EventDate "1993.??.??"]
[EventType "team"]
[EventRounds "11"]
[EventCountry "FRA"]
[SourceTitle "TD"]
[Source "ChessBase"]
[SourceDate "1994.03.01"]
[SourceVersion "1"]
[SourceVersionDate "1994.03.01"]
[SourceQuality "1"]

1. c4 Nf6 2. Nc3 e6 3. Nf3 Bb4 4. Qc2 c5 5. a3 Ba5 6. e3 Nc6 7. Na4 d6 8. Be2 e5 9. 0-0 Bg4 10. d3 0-0 11. Nc3 Bxc3 12. Qxc3 e4 13. dxe4 Nxe4 14. Qc2 Qe7 15. b3 a5 16. Bb2 Bf5 17. Bd3 Bg6 18. g3 a4 19. bxa4 Ng5 20. Nh4 Bxd3 21. Qxd3 Ne5 22. Qc2 Qe6 23. Rac1 Ngf3+ 24. Nxf3 Nxf3+ 25. Kg2 Ng5 26. f3 f6 27. e4 Ra6 28. Bc3 Qxc4 29. a5 d5 30. exd5 Qxd5 31. Rcd1 Qc4 32. Qd3 Qxd3 33. Rxd3 Nf7 34. Rd7 b6 35. axb6 Rxb6 36. Re1 Rb3 37. Ba5 Rxa3 38. Bc7 Ra2+ 39. Kh3 Ng5+ 40. Kg4 Rxh2 41. Bd6 h5+ 42. Kf5 Rf7 43. Kg6 Rf8 44. Rxg7+ Kh8 45. Bxf8 h4 46. Re8 1-0

[Event "FRA-chT"]
[Site "France"]
[Date "1992.??.??"]
[Round "?"]
[White "Apicella, Manuel"]
[Black "Bersoult, Francois"]
[Result "1-0"]
[WhiteElo "2435"]
[BlackElo "2210"]
[PlyCount "81"]
[EventDate "1992.??.??"]
[EventType "team"]
[EventRounds "8"]
[EventCountry "FRA"]
[SourceTitle "EXT 1997"]
[Source "ChessBase"]
[SourceDate "1996.11.15"]
[SourceVersion "1"]
[SourceVersionDate "1996.11.15"]
[SourceQuality "1"]

1. e4 c6 2. d4 d5 3. Nc3 dxe4 4. Nxe4 Qc7 5. Bc4 Nf6 6. Nxf6+ exf6 7. Qf3 Bd6 8. Ne2 Be6 9. Bd3 Nd7 10. Bf4 0-0-0 11. 0-0 h5 12. Rfe1 Nb6 13. Bxd6 Qxd6 14. c3 h4 15. Nf4 Kb8 16. Bf1 Rde8 17. b3 Nd5 18. Nxd5 Qxd5 19. Qf4+ Ka8 20. b4 Rd8 21. a4 Rh6 22. b5 h3 23. g3 g5 24. Qe3 Rhh8 25. Rab1 Rhe8 26. bxc6 Qxc6 27. Qd3 Qxa4 28. c4 Qd7 29. Qf3 Bg4 30. Qxf6 Rxe1 31. Rxe1 a6 32. d5 Re8 33. Rxe8+ Qxe8 34. Qxg5 Be2 35. Qe3 Qxe3 36. fxe3 Bg4 37. c5 Kb8 38. Kf2 Kc7 39. e4 a5 40. Bb5 b6 41. d6+ 1-0